| 000 | 01134 a2200289 4500 | ||
|---|---|---|---|
| 999 |
_c2177 _d2177 |
||
| 020 | _a0855985267 | ||
| 050 | 0 | 0 | _aHV639 BOO 2003 |
| 100 | 1 | _aBookstein, Amelia. | |
| 245 | 1 | 0 |
_aBeyond the headlines : _ban agenda for action to protect civilians in neglected conflicts. _cAmelia Bookstein |
| 264 |
_aLondon _bOxfam GB _c2003 |
||
| 300 |
_a54 p. : _bill. ; |
||
| 500 | _aCover title. | ||
| 500 | _a"Written by Amelia Bookstein"--Ack. | ||
| 504 | _aIncludes bibliographical references. | ||
| 650 | 0 | _aWar relief. | |
| 650 | 0 | _aWar victims. | |
| 650 | 0 | _aHumanitarian assistance. | |
| 650 | 0 | _aRefugees. | |
| 650 | 0 | _aAsylum, Right of. | |
| 710 | 2 | _aOxfam GB. | |
| 710 | 2 | _aOxfam. | |
| 856 | 4 | 2 |
_3Publisher description _uhttp://www.loc.gov/catdir/enhancements/fy1115/2004445576-d.html |
| 856 | 4 | 1 |
_3Table of contents only _uhttp://www.loc.gov/catdir/enhancements/fy1115/2004445576-t.html |
| 856 | 4 | 2 |
_3Contributor biographical information _uhttp://www.loc.gov/catdir/enhancements/fy1207/2004445576-b.html |
| 942 |
_2lcc _cBK _h639 _iBOO _kHV |
||